Poemas de Fernando Pessoa (Record no. 46170)

MARC details
000 -Etiqueta do registo
Valores 00634nam a2200217 4500
010 ## - Número ISBN
ISBN 9896121974
021 ## - Número do Depósito Legal
Número 235870/05
100 ## - Dados gerais de processamento
Dados gerais 20070920d2006 m y0pory5003 ba
101 0# - Língua de publicação
Língua por
102 ## - País de publicação
País PT
200 1# - Titulo e menção de responsabilidade
Título próprio Poemas de Fernando Pessoa
Primeira menção de responsabilidade Fernando Pessoa
Outras menções de responsabilidade selec., pref. e posf. Eduardo Lourenço
-- rev. Maria José Godinho
205 ## - Menção da edição
Edição 2.ª ed.
210 #9 - Publicação
Local de publicação Paço de Arcos
Nome do editor Visão,
Data de publicação 2006
215 ## - Descrição física 
Paginação / Volumes 221, [2] p.
Dimensões 21 cm
675 ## - CDU
Notação 821.134.3-1"19"
Edição BN
Língua por
701 #1 - Autor co-responsavel
Apelido Louren—co,
Nome Eduardo,
Datas 1923-2020
Função 220
702 #1 - Autor secundário
Apelido Godinho,
Nome Maria José
Função 675
801 #0 - Fonte de origem
País PT
Agência BN
Regras de catalogação RPC
990 ## - Elementos KOHA
Tipo de documento Livro
Holdings
Aquisição Empréstimo Código de barras Cota Permissão de empréstimo Tipo de documento Nota relativa ao exemplar
Biblioteca Municipal de Redondo Biblioteca Municipal de Redondo 057267 821.134.3-1 PES   Livro oferta de Franklim Amaro Cabreirinha

Powered by Koha